000 00617nam a22002417a 4500
003 UA-OsUOA
001 88450
007 ta
008 20121005b un ||||| |||| 00| 0 ukr d
100 _aАвраменко О. І.
090 _a821.161.2
_bА21
942 _cBK
040 _aUA-OsUOA
_bukr
_cUA-OsUOA
_dUA-OsUOA
245 _aГінці з неволі
300 _a336 с.
955 _a3
041 _aukr
080 _a821.161.2
020 _a5-301-00155-8
260 _aК.
_bВеселка
_c1988
650 7 _a82 Література. Літературознавство
_2UDC
999 _c374888
_d374888